书目信息 |
| 题名: |
柯林斯中阶法英·英法词典
|
|
| 作者: | ;本书编写组 编 | |
| 分册: | ||
| 出版信息: | 上海 上海外语教育出版社 2007 |
|
| 页数: | 17,877,255页 | |
| 开本: | 21cm | |
| 丛书名: | ||
| 单 册: | ||
| 中图分类: | H326 | |
| 科图分类: | ||
| 主题词: | 法语--英语--双解词典 , 法语 , 英语 , 双解词典 | |
| 电子资源: | ||
| ISBN: | 978-7-5446-0523-6 | |
| 000 | 01175nam0 2200301 45 | |
| 001 | 1130245500 | |
| 005 | 20110309155622.12 | |
| 010 | @a978-7-5446-0523-6@b精装@dCNY70.00 | |
| 100 | @a20110123e20102007em y0chiy50 ea | |
| 101 | 0 | @afre@aeng@gchi |
| 102 | @aCN@b310000 | |
| 105 | @ay e 000yy | |
| 106 | @ar | |
| 200 | 1 | @a柯林斯中阶法英·英法词典@AKe Lin Si Zhong Jie Fa Ying· Ying Fa Ci Dian@dCollins French dictionary & grammar@f本书编写组编@FBen Shu Bian Xie Zu Bian@zeng |
| 210 | @a上海@c上海外语教育出版社@d2007@h2010 | |
| 215 | @a17,877,255页@d21cm | |
| 304 | @a附:法语语法指南 | |
| 305 | @a本书由哈珀-柯林斯出版集团授权出版 | |
| 330 | @a该词典配例均依据庞大的柯林斯语料库,与袖珍词典相比,中阶词典收词更广、释义更详尽、语法说明更系统。双向收词六万余条;新词新义收录全面;核心词汇释义详尽;专栏呈现法语国家生活与文化基本信息;用英语讲解中级法语语法;。 | |
| 510 | 1 | @aCollins French dictionary & grammar@zeng |
| 606 | 0 | @a法语@x英语@j双解词典 |
| 606 | 0 | @a法语 |
| 606 | 0 | @a英语 |
| 606 | 0 | @a双解词典 |
| 690 | @aH326@v4 | |
| 711 | 02 | @a本书编写组@ABen Shu Bian Xie Zu@4编 |
| 801 | 0 | @aCN@bTANGWEI@c20110309 |
| 905 | @b0530908-09@dH326@e108@f2 | |
| 柯林斯中阶法英·英法词典=Collins French dictionary & grammar/本书编写组编.-上海:上海外语教育出版社,2007(2010) |
| 17,877,255页;21cm |
| ISBN 978-7-5446-0523-6(精装):CNY70.00 |
| 该词典配例均依据庞大的柯林斯语料库,与袖珍词典相比,中阶词典收词更广、释义更详尽、语法说明更系统。双向收词六万余条;新词新义收录全面;核心词汇释义详尽;专栏呈现法语国家生活与文化基本信息;用英语讲解中级法语语法;。 |
| ● |
| 相关链接 |
|
|
|
|
正题名:柯林斯中阶法英·英法词典
索取号:H326/108
 
预约/预借
| 序号 | 登录号 | 条形码 | 馆藏地/架位号 | 状态 | 备注 |
| 1 | 0530908 | 205309085 | 第二样本阅览室/ [索取号:H326/108] | 在馆 | |
| 2 | 0530909 | 205309094 | 第四借阅区/ [索取号:H326/108] | 在馆 |